| 000 | 00975nam a2200313 a 4500 | ||
|---|---|---|---|
| 001 | vtls000098979 | ||
| 003 | NLI | ||
| 005 | 20210601200811.0 | ||
| 008 | 101125s1959 ii 001 0 eng | ||
| 020 | _cRs. 25.00 | ||
| 039 | 9 |
_y201011251121 _zVLOAD |
|
| 040 |
_aNLI _beng _cDataSoft _eAACR2 |
||
| 041 | 0 | _aeng | |
| 044 | _aii | ||
| 082 | 0 | 4 | _a327.54042 |
| 100 | 1 |
_aBhagat, K. P. _9209070 |
|
| 245 | 1 | 2 |
_aA decade of Indo-British relations 1937-47 / _cby K. P. Bhagat |
| 260 |
_aBombay : _bPopular, _c1959 |
||
| 300 |
_axv, 521 p. ; _c22 cm. |
||
| 504 | _aIncludes bibliographical references and index | ||
| 650 | 0 |
_aInternational relations _92696 |
|
| 651 | 0 |
_aIndia _xForeign relations _zGreat Britain _y1937-47 _9209071 |
|
| 651 | 0 |
_aGreat Britain _xForeign relations _zIndia _y1937-47 _9209072 |
|
| 887 | _a | ||
| 901 |
_a329132 _b21.10.1959 |
||
| 902 | _aE327.54042 B469 | ||
| 949 |
_AVIRTUAITEM _D10000 _X100 _6PUR000329132ENG |
||
| 942 |
_2ddc _cBKS |
||
| 999 |
_aVIRTUA00 _c102995 _d102995 |
||